MARC

LEADER 00000nam0a2200000 4500
001 253837
005 20231101232900.0
010 |a 5020001007 
020 |a RU  |b 89-47319 
035 |a (RuTPU)RU\TPU\book\276252 
090 |a 253837 
100 |a 20140317d1989 k a0rusy5003 ca 
101 0 |a rus 
102 |a RU 
105 |a a z 001zy 
200 1 |a Струи и несущие поверхности. Моделирование на ЭВМ  |f В. И. Бабкин [и др.] 
210 |a Москва  |c Наука  |d 1989 
215 |a 207 с.  |c ил. 
320 |a Библиогр.: с. 199-202 (93 назв.) 
606 1 |a Струйные течения  |x (аэродинамика)  |2 stltpush  |3 (RuTPU)RU\TPU\subj\57950  |9 75796 
610 1 |a турбулентные течения 
610 1 |a преграды 
610 1 |a математическое моделирование 
610 1 |a взаимодействие 
610 1 |a ЭВМ 
675 |a 533.6.01  |z rus 
701 1 |a Бабкин  |b В. И.  |g Владимир Иванович 
701 1 |a Белоцерковский  |b С. М.  |g Сергей Михайлович 
701 1 |a Гуляев  |b В. В.  |g Валерий Васильевич 
701 1 |a Дворак  |b А. В.  |g Александр Владимирович 
801 0 |a RU  |b RuMRKP  |c 19950417  |g psbo 
801 1 |a RU  |b 63413507  |c 20140317 
801 2 |a RU  |b 63413507  |c 20140521  |g RCR 
942 |c BK